00429nam a22001337a 4500003000400000008004100004082001700045100002100062245012500083260003200208300000900240502001500249650003100264OSt260430b |||||||| |||| 00| 0 eng d a634.44bG96E aGupta, Raj Kumar aEffect of Urea, Potassium Nitrate and Naa on Fruit Retention Yield and Quality of Mango (Mangifera Indica L.) CV. Bombai aPusa, SamastipurbRAUc2001 a72P. bMsc.d2001 aFruit and Fruit Technology